Statistics for Most Streamed 80's Songs On Spotify

Click here to take the quiz!

General Stats

  • This quiz has been taken 104 times
  • The average score is 28 of 50

Answer Stats

RankArtistStreamsAnswer% Correct
6Toto1,499,837,983Africa
93%
5a-ha1,500,868,175Take On Me
89%
2The Police1,617,116,175Every Breath You Take
85%
31Rick Astley717,737,512Never Gonna Give You Up
85%
9Bon Jovi1,298,377,608Livin' On A Prayer
82%
7Queen & David Bowie1,374,416,297Under Pressure
82%
13Survivor1,088,425,580Eye Of The Tiger
81%
1Journey1,623,006,870Don't Stop Believin'
80%
19Cyndi Lauper917,764,364Girls Just Want To Have Fun
80%
10Tears For Fears1,233,274,523Everybody Wants To Rule The World
76%
27Van Halen759,647,664Jump
76%
4Guns N' Roses1,571,802,229Sweet Child O' Mine
73%
12Eurythmics1,104,990,952Sweet Dreams (Are Made Of This)
73%
16Bryan Adams1,005,518,351Summer Of '69
71%
14Kate Bush1,038,730,376Running Up That Hill (A Deal With God)
68%
28Simple Minds747,219,706Don't You (Forget About Me)
65%
25Wham!809,523,512Wake Me Up Before You Go-Go
65%
15Whitney Houston1,017,365,640I Wanna Dance With Somebody (Who Loves Me)
64%
8AC/DC1,313,457,489Back In Black
62%
37Men At Work672,067,973Down Under
62%
11Wham!1,162,327,798Last Christmas
62%
50Culture Club550,367,067Karma Chameleon
60%
18Guns N' Roses930,919,621Paradise City
60%
42Soft Cell631,449,668Tainted Love
59%
35Billy Joel705,267,937Uptown Girl
59%
17Guns N' Roses998,386,968Welcome To The Jungle
58%
33Tracy Chapman716,644,070Fast Car
56%
44Phil Collins601,560,203In The Air Tonight
56%
23U2887,456,567With Or Without You
56%
26Elton John804,855,199I'm Still Standing
55%
21Bon Jovi908,548,513You Give Love A Bad Name
55%
41Cyndi Lauper633,894,103Time After Time
52%
3Queen1,591,297,235Another One Bites The Dust
51%
36Foreigner680,585,929I Want To Know What Love Is
51%
39Katrina & The Waves643,560,211Walking On Sunshine
49%
45Tom Petty596,413,224Free Fallin'
47%
47Bruce Springsteen582,897,677Dancing In The Dark
46%
22The Clash894,544,914Should I Stay Or Should I Go
45%
20AC/DC915,280,211You Shook Me All Night Long
38%
46U2595,630,401I Still Haven't Found What I'm Looking For
36%
43The Outfield622,664,360Your Love
35%
34Metallica713,559,225Master Of Puppets
34%
49Dire Straits552,214,670Walk Of Life
34%
40The Proclaimers638,397,582I'm Gonna Be (500 Miles)
27%
24Daryl Hall & John Oates821,185,143You Make My Dreams (Come True)
26%
38Queen648,131,650Crazy Little Thing Called Love
25%
30Fleetwood Mac718,192,759Everywhere
25%
29Pixies724,740,964Where Is My Mind?
25%
32Bob Marley & The Wailers717,457,618Could You Be Loved
13%
48Luis Miguel573,912,585Ahora Te Puedes Marchar
6%

Score Distribution

Percentile by Number Answered

Percent of People with Each Score

Your Score History

You have not taken this quiz